000 01182nam0a2200277 i 4500
001 RU\NLR\BIBL_A\011449942
005 20240727031043.0
010 _a9785913274694
_9500
021 _aRU
_b2017-50696
_93640
035 _a(RuMoRGB)008934843
035 _a(NLR Aleph) 011449942
090 _a11747522
_c11747522
100 _a20170807d2017 u y0rusy50 ca
101 0 _arus
102 _aRU
105 _ay|||j|||000zy
200 1 _aМетодические рекомендации по составлению тестовых заданий по курсу "История России"
_eучебное пособие для студентов неисторических специальностей
_fР. З. Симонян
210 _aМосква
_cАкадемия естествознания
_d2017
215 _a105 с.
_d20
320 _aБиблиогр.: с. 105
606 _aИстория. Исторические науки -- Россия -- Учебник для высшей школы
_2rubbk
686 _aТ3(2)я73-1
_2rubbk
700 1 _aСимонян
_bР. З.
_gРимма Зориковна
942 _cBOOK
980 _aNBR